00502 2200181 4500001002100000005001500021035002000036245009500056100001400151250000600165300003400171260004500205082000800250084001400258020002200272600001400294990001200308INLIS00000000000335120260211083612 a0010-02260000171 aPENINGGALAN BERSEJARAH INDONESIA :bSeri Ensiklopedia Ilmu Pengetahuan Sosial /cNur Asiah0 aNur Asiah aV a208 hlm :bilus ;c21 x 30 cm aJakarta :bPT. Mediantara Semesta,c2020 a903 a903 NUR p a978-979-1276-74-0 4aNur Asiah a0750974